The sociology of policing marital voilence in Singapore /
Saved in:
| 主要作者: | |
|---|---|
| 格式: | Thesis 圖書 |
| 語言: | English |
| 出版: |
2000.
|
| 主題: | |
| 標簽: |
添加標簽
沒有標簽, 成為第一個標記此記錄!
|
| LEADER | 00866cam a2200229 a 4500 | ||
|---|---|---|---|
| 001 | u689242 | ||
| 003 | SIRSI | ||
| 008 | 990618s2000 si v 00 1 eng m | ||
| 035 | |a ACR-4641 | ||
| 040 | |a UMM | ||
| 043 | |a a-si--- | ||
| 090 | |a GN6 |b NUSP 2000 Gan | ||
| 100 | 1 | 0 | |a Ganapathy, Narayanan. |
| 245 | 1 | 4 | |a The sociology of policing marital voilence in Singapore / |c Narayanan Ganapathy. |
| 260 | |c 2000. | ||
| 300 | |a v, 224 leaves : |b ill. ; |c 30 cm. | ||
| 502 | |a Thesis (Ph.D.) -- Dept. of Sociology, Faculty of Arts & Social Sciences, National University of Singapore, 2000. | ||
| 504 | |a Bibliography: leaves 209-223. | ||
| 650 | 0 | |a Marital violence |x Government policy |z Singapore. | |
| 948 | |a 31/10/2001 |b 31/10/2001 | ||
| 596 | |a 1 | ||
| 999 | |a GN6 NUSP 2000 GAN |w LC |c 1 |i A510540257 |d 10/7/2006 |f 10/7/2006 |g 1 |l B_KOM4 |m P01UTAMA |r Y |s Y |t TESIS |u 27/12/2004 |o .PUBLIC. BKOM 4 :43571 | ||
